| LDR | | 00000nam c2200205 k 4500 |
| 001 | | 000000341324 |
| 005 | | 20260416140236 |
| 007 | | ta |
| 008 | | 260407s2026 ulka r 001a kor |
| 020 | |
▼a 9791194456223
▼g 94510 :
▼c \75000 |
| 040 | |
▼a 248032
▼c 248032
▼d 248032 |
| 041 | 1 |
▼a kor
▼h eng |
| 049 | 0 |
▼l EM111965
▼v 1
▼l EM111966
▼v 1
▼c 2 |
| 056 | |
▼a 512.515
▼2 4 |
| 090 | |
▼a 512.515
▼b 오47ㅇ9 |
| 245 | 20 |
▼a 아동작업치료학.
▼n 1 /
▼d Jane Clifford O'Brien,
▼e Heather Miller Kuhaneck ;
▼e 최혜숙,
▼e 유은영 외 역 |
| 246 | 11 |
▼a Case-Smith Occupational Therapy for children and Adolescents |
| 250 | |
▼a 9판 |
| 260 | |
▼a 서울 :
▼b 한미의학,
▼c 2026 |
| 300 | |
▼a xvii, 1-576, 1007-1012 p. :
▼b 천연색삽화, 표 ;
▼c 29 cm |
| 504 | |
▼a 참고문헌 및 색인(p. 1007-1012) 수록 |
| 546 | |
▼a 영어 원작을 한국어로 번역 |
| 653 | |
▼a 아동작업치료
▼a 작업치료평가
▼a 작업치료중재 |
| 700 | 1 |
▼a 오브라이언, 제인 클리포드,
▼e 저 |
| 700 | 1 |
▼a 밀러 쿠하네크, 헤더,
▼e 공저 |
| 700 | 1 |
▼a 최혜숙,
▼e 역 |
| 700 | 1 |
▼a 유은영,
▼e 공역 |
| 900 | 11 |
▼a O'brien, Jane Clifford |
| 900 | 11 |
▼a Miller-Kuhaneck, Heather |
| 990 | |
▼a 관리자2
▼b 관리자2 |